000 00245nam a22001217a 4500
003 SGT
082 _aAGA
100 _aAGARWAL, VANITIA
245 _aMANAGERIAL ECONOMICS
260 _aPEARSON INDIA
_c2013
300 _a542
942 _2ddc
_cBK
_032
999 _c14253
_d14253